Visualizzazione normale
Vista MARC
- Fumagalli Aristide, Conci Alberto, Paleari Marco
di Personal Name
Records bibliografici associati: 1
001 - CONTROL NUMBER
- control field: 60778
003 - CONTROL NUMBER IDENTIFIER
- control field:
005 - DATE AND TIME OF LATEST TRANSACTION
- control field: 20240613144618.0
008 - FIXED-LENGTH DATA ELEMENTS
- fixed length control field: 240613|| aca||aabn | a|a d
040 ## - CATALOGING SOURCE
- Original cataloging agency:
- Transcribing agency:
100 ## - HEADING--PERSONAL NAME
- Personal name: Fumagalli Aristide, Conci Alberto, Paleari Marco
670 ## - SOURCE DATA FOUND
- Source citation: Work cat.: ()210220: Fumagalli Aristide, Conci Alberto, Paleari Marco, Il cuore ferito. Perdere un amore restare nell'amore., 2010